Trendy vývoja nových digitálnych produktov vo vybranej oblasti bakalárska práca

Uložené v:
Podrobná bibliografia
Hlavný autor: Marek, Viliam
Korporativný autor: Obchodná fakulta EU. Katedra marketingu
Ďalší autori: Filo, Peter
Médium: Kniha
Jazyk:Slovak
Vydavateľské údaje: Bratislava 2019
Tagy: Pridať tag
Žiadne tagy, Buďte prvý, kto otaguje tento záznam!

MARC

LEADER 00000nbm a2200000 4500
001 0257889
005 20191001091648.7
041 0 |a slo 
044 |a SK 
245 1 0 |a Trendy vývoja nových digitálnych produktov vo vybranej oblasti  |b bakalárska práca  |c Viliam Marek ; školiteľ: Peter Filo 
264 1 |a Bratislava  |c 2019 
300 |a 39 s. 
100 1 |a Marek, Viliam 
700 1 |a Filo, Peter 
710 2 |a Obchodná fakulta EU. Katedra marketingu